Statistics for LeBron James Quiz

Click here to take the quiz!

General Stats

  • This quiz has been taken 21 times
  • The average score is 11 of 12

Answer Stats

HintAnswer% Correct
LeBron's draft pick1
100%
How many rings did LeBron win with Miami?2
100%
Year LeBron was drafted2003
100%
Player from 'The Big Three' in MiamiChris Bosh
100%
Player from 'The Big Three' in MiamiDwayne Wade
100%
Team LeBron won the 2020 championship withLakers
100%
LeBron's NicknameThe King
100%
Name of LeBron's oldest sonBronny
95%
State LeBron was born inOhio
95%
Team that had a 3-1 lead against LeBronWarriors
95%
Name of LeBron's youngest sonBryce
80%
Powder LeBron chucks into the air before every gameChalk
80%

Score Distribution

Percentile by Number Answered

Percent of People with Each Score

Your Score History

You have not taken this quiz